000
00238nam a2200097Ia 4500
001
689048
005
20250826161626.0
008
250824s9999 xx 000 0 und d
245
0
_a
ULAK III
_c
OKAY TİRYAKİOĞLU
260
_b
TİMAŞ YAYINLARI
999
_c
689048
_d
689048